Detalles MARC
| 000 -CABECERA |
| campo de control de longitud fija |
01120nam a2200313 a 4500 |
| 001 - NÚMERO DE CONTROL |
| campo de control |
000022416 |
| 003 - IDENTIFICADOR DEL NÚMERO DE CONTROL |
| campo de control |
DO-SdBNP |
| 005 - FECHA Y HORA DE LA ÚLTIMA TRANSACCIÓN |
| campo de control |
20251120105504.0 |
| 007 - CAMPO FIJO DE DESCRIPCIÓN FÍSICA--INFORMACIÓN GENERAL |
| campo de control de longitud fija |
ta |
| 008 - DATOS DE LONGITUD FIJA--INFORMACIÓN GENERAL |
| campo de control de longitud fija |
101008s2009 dr a 000 0 spa d |
| 020 ## - NÚMERO INTERNACIONAL ESTÁNDAR DEL LIBRO |
| Número Internacional Estándar del Libro |
9789945140821 |
| 040 ## - FUENTE DE LA CATALOGACIÓN |
| Centro catalogador/agencia de origen |
DO-SdBNP |
| Lengua de catalogación |
spa |
| Centro/agencia transcriptor |
BNPHU |
| 049 ## - FONDOS LOCALES (OCLC) |
| Fondos de biblioteca |
BNPD |
| 082 #4 - NÚMERO DE LA CLASIFICACIÓN DECIMAL DEWEY |
| Número de clasificación |
345.05 |
| Número de documento/Ítem |
M491m, 2009 |
| Número de edición |
22 |
| 100 1# - ENTRADA PRINCIPAL--NOMBRE DE PERSONA |
| Nombre de persona |
Medina, Daira |
| Fechas asociadas al nombre |
1976- |
| 9 (RLIN) |
46213 |
| 245 10 - MENCIÓN DE TÍTULO |
| Título |
Manual del litigante dominicano en materia procesal penal / |
| Mención de responsabilidad, etc. |
Daira Medina ; prólogo Luis Mariano Negrón Portillo. |
| 250 ## - MENCIÓN DE EDICIÓN |
| Mención de edición |
2a ed. corr. y aum. |
| 260 ## - PUBLICACIÓN, DISTRIBUCIÓN, ETC. |
| Lugar de publicación, distribución, etc. |
Santo Domingo : |
| Nombre del editor, distribuidor, etc. |
Corripio, |
| Fecha de publicación, distribución, etc. |
2009. |
| 300 ## - DESCRIPCIÓN FÍSICA |
| Extensión |
697 p. ; |
| Dimensiones |
23 cm. |
| 500 ## - NOTA GENERAL |
| Nota general |
Incluye datos biográficos del autor en la contraportada |
| 504 ## - NOTA DE BIBLIOGRAFÍA, ETC. |
| Nota de bibliografía, etc. |
Bibliografía : 693-697 |
| 590 ## - NOTA LOCAL (RLIN) |
| Nota local |
La biblioteca posee 2 ejemplares autografíado por el autor |
| 650 #4 - PUNTO DE ACCESO ADICIONAL DE MATERIA--TÉRMINO DE MATERIA |
| Término de materia o nombre geográfico como elemento de entrada |
Derecho penal |
| Subdivisión geográfica |
República Dominicana |
| 9 (RLIN) |
16470 |
| 650 #4 - PUNTO DE ACCESO ADICIONAL DE MATERIA--TÉRMINO DE MATERIA |
| Término de materia o nombre geográfico como elemento de entrada |
Procedimiento penal |
| Subdivisión geográfica |
Republica Dominicana |
| 9 (RLIN) |
14474 |
| 650 #0 - PUNTO DE ACCESO ADICIONAL DE MATERIA--TÉRMINO DE MATERIA |
| Término de materia o nombre geográfico como elemento de entrada |
Prueba penal |
| 9 (RLIN) |
27178 |
| 650 #4 - PUNTO DE ACCESO ADICIONAL DE MATERIA--TÉRMINO DE MATERIA |
| Término de materia o nombre geográfico como elemento de entrada |
Derecho procesal |
| Subdivisión geográfica |
Republica Dominicana |
| 9 (RLIN) |
13091 |
| 700 1# - PUNTO DE ACCESO ADICIONAL--NOMBRE DE PERSONA |
| Nombre de persona |
Negrón Portillo, Luis Mariano, |
| Término indicativo de función/relación |
pról. |
| 9 (RLIN) |
46214 |
| 942 ## - ELEMENTOS DE PUNTO DE ACCESO ADICIONAL (KOHA) |
| Fuente del sistema de clasificación o colocación |
Dewey Decimal Classification |
| Tipo de ítem Koha |
Libro |